书目信息 |
| 题名: |
综合生物学纲要
|
|
| 作者: | 常杰 , 葛滢 著 | |
| 分册: | ||
| 出版信息: | 北京 高等教育出版社 2005.12 |
|
| 页数: | 192页 | |
| 开本: | 23cm | |
| 丛书名: | ||
| 单 册: | ||
| 中图分类: | Q1 | |
| 科图分类: | ||
| 主题词: | 生物学--sheng wu xue | |
| 电子资源: | ||
| ISBN: | 7-04-018771-X | |
| 000 | 00893nam0 2200253 450 | |
| 001 | 012006703554 | |
| 005 | 20060926093703.21 | |
| 010 | @a7-04-018771-X@dCNY28.00 | |
| 100 | @a20060727d2005 km y0chiy0120 ea | |
| 101 | 0 | @achi |
| 102 | @aCN@b110000 | |
| 105 | @aa a 000yy | |
| 200 | 1 | @a综合生物学纲要@Azong he sheng wu xue gang yao@d= Compendium for unified biology@f常杰, 葛滢著@Fchang jie,ge ying zhu@zeng |
| 210 | @a北京@c高等教育出版社@d2005.12 | |
| 215 | @a192页@c图@d23cm | |
| 320 | @a有书目 (第189-192页) | |
| 330 | @a本书以自组织理论为新工具,在整合生物学的基础上提出以结构特征尺度外推为核心的“统合生物学”,构建了一个全新的完整的生物学框架体系。 | |
| 510 | 1 | @aCompendium for unified biology@zeng |
| 606 | 0 | @a生物学@Asheng wu xue |
| 690 | @aQ1@v4 | |
| 701 | 0 | @a常杰@Achang jie@4著 |
| 701 | 0 | @a葛滢@Age ying@4著 |
| 801 | 0 | @aCN@c20060926 |
| 905 | @a10447@dQ1@eC280 | |
| 综合生物学纲要= Compendium for unified biology/常杰, 葛滢著.-北京:高等教育出版社,2005.12 |
| 192页:图;23cm |
| ISBN 7-04-018771-X:CNY28.00 |
| 本书以自组织理论为新工具,在整合生物学的基础上提出以结构特征尺度外推为核心的“统合生物学”,构建了一个全新的完整的生物学框架体系。 |
| ● |
| 相关链接 |
|
|
|
正题名:综合生物学纲要
索取号:Q1/C280
 
预约/预借
| 序号 | 登录号 | 条形码 | 馆藏地/架位号 | 状态 | 备注 |
| 1 | 596965 | 205969656 | 自科库401/401自科库 24排2列5层/ [索取号:Q1/C280] | 在馆 | |
| 2 | 596966 | 205969665 | 自科库401/401自科库 24排2列5层/ [索取号:Q1/C280] | 在馆 | |
| 3 | 596967 | 205969674 | 自科库401/401自科库 24排2列5层/ [索取号:Q1/C280] | 在馆 |